| 000 | 00549nam a2200193 i 4500 | ||
|---|---|---|---|
| 001 | 40484 | ||
| 003 | ES-MaACL | ||
| 005 | 20250815062600.0 | ||
| 007 | t| | ||
| 008 | 030306s1970 sp ||||1| spa d | ||
| 080 | _a94(100) | ||
| 100 | 1 |
_aCardona Castro, Francisco Luis. _935184 |
|
| 245 | 1 | 0 |
_aNueva historia universal / _cF. Cardona Castro. |
| 260 |
_aBarcelona : _bDe Gassó, _c[1970] |
||
| 300 |
_a462 p., 18 lám. col. y n. ; _c23 cm. |
||
| 650 | 7 |
_aHistoria universal _2embne _913429 |
|
| 852 | 4 |
_aES-MaACL _jC-44189 |
|
| 999 |
_c40484 _d40484 |
||